| 000 | 00480nam a22001337a 4500 | ||
|---|---|---|---|
| 082 | _aMSEE-4 | ||
| 100 |
_aSaba Fatima _998851 |
||
| 245 | _aDesign, analysis and implementation of TR module at L-band | ||
| 260 |
_aIslamabad _bNUST-SEECS _c2015 |
||
| 300 |
_a58 _b27cm.+ _eCD-ROM |
||
| 500 | _aSupervisors:Dr. Munir Ahmad Tarar, Dr. Tauseef Tauqeer, Dr. Farooq Ahmad Tahir, Dr. Salman Abdul Ghafoor | ||
| 856 | _uhttp://10.250.8.41:8080/xmlui/handle/123456789/8676 | ||
| 942 |
_cPR _2ddc |
||
| 999 |
_c13162 _d13162 |
||